00438nam a2200181Ia 4500008004100000020001400041050001400055100001800069245002500087245004500112260001500157260001600172260000900188300001400197300002700211300001000238500000800248170918s9999 xx 000 0 und d a439286921 bW874 2000 aWood, Douglas aWhat dads can't do / cDouglas Wood ; pictures by Doug Cushman. aNew York : bScholastic, c2000 aunpaged : bcolored illustration ; c20cm. a460